• 首页
  • 本馆介绍
  • 公告通知
  • 最新文献
  • 馆藏检索
  • 电子资源
  • 读者导购
  • 参考咨询
  • 我的图书馆
  • 登录
  • 详细信息显示
  • 放入我的书架
  • 预约/预借图书
  • 作者相关作品
  • 分类相关作品
  • 丛书相关作品
  • 出版社相关作品

书目信息

  • 表格格式
  • 工作单格式
  • 卡片格式
题名:
大北农科技奖
    
 
作者: 邵根伙 主编 ;大北农科技奖办公室 编
分册:  
出版信息: 北京   中国农业科学技术出版社  2013.01
页数: 412页
开本: 27cm
丛书名:
单 册:
中图分类: S-12
科图分类:
主题词: 农业技术--科技成果--中国--汇编 , 农业技术 , 科技成果
电子资源:
ISBN: 978-7-5116-1154-3
000 01069nam0 2200289 450
001 010050027663
005 20140609155131.43
010    @a978-7-5116-1154-3@b精装@dCNY138.00
100    @a20130422d2013 em y0chiy0110 ea
101 2  @achi@aeng
102    @aCN@b110000
105    @acf z 000yy
106    @ar
200 1  @a大北农科技奖@9da bei nong ke ji jiang@dDBN science and technology award@f邵根伙主编@g大北农科技奖办公室编@zeng
210    @a北京@c中国农业科学技术出版社@d2013.01
215    @a412页@c肖像,照片@d27cm
330    @a本书内容包括:大北农科技奖个人成就奖获奖者与成果概述;大北农科技奖特等奖获奖者与成果概述;大北农科技奖科技成果奖(一等奖)获奖者与成果概述等。
333    @a农业技术研究人员
510 1  @aDBN science and technology award@zeng
606 0  @a农业技术@x科技成果@y中国@j汇编
606 0  @a农业技术
606 0  @a科技成果
690    @aS-12@v5
701  0 @a邵根伙@9shao gen huo@4主编
712 02 @a大北农科技奖办公室@9da bei nong ke ji jiang ban gong shi@4编
801  0 @aCN@b人天书店@c20130422
905    @b549854-56@dS-12@e46@f3
    
    大北农科技奖=DBN science and technology award/邵根伙主编/大北农科技奖办公室编.-北京:中国农业科学技术出版社,2013.01
    412页:肖像,照片;27cm
    使用对象:农业技术研究人员
    
    ISBN 978-7-5116-1154-3(精装):CNY138.00
    本书内容包括:大北农科技奖个人成就奖获奖者与成果概述;大北农科技奖特等奖获奖者与成果概述;大北农科技奖科技成果奖(一等奖)获奖者与成果概述等。
●
相关链接 在E读中查询图书 在五车中查询图书 在当当中查询图书 在豆瓣中查询图书


正题名:大北农科技奖     索取号:S-12/46         预约/预借

序号 登录号 条形码 馆藏地/架位号 状态 备注
1 549854   205498549   第二样本阅览室/ [索取号:S-12/46] 在馆    
2 549855   205498558   第三借阅区/ [索取号:S-12/46] 在馆    
3 549856   205498567   密集书库-生命科学系/ [索取号:S-12/46] 在馆    
唐山师范学院图书馆 欢迎您!
大连网信软件有限公司© 版权所有